| 000 | 00623cam a2200193 a 4500 | ||
|---|---|---|---|
| 020 | _a1870098668 | ||
| 040 | _cCBY | ||
| 082 | _a330 GRE 1997 C145 Or. | ||
| 100 | 1 | _aSchumacher, E. F. | |
| 245 | 1 | 0 |
_aThis I believe : _band other essays / |
| 250 | _aRepr. with corrections | ||
| 260 |
_aFoxhole, Dartington, Totnes, Devon : _bGreen Books ; _aWhite River Junction, Vt. : _bDistributed in the USA by Chelsea Green Publishing, _c1998, c1997. |
||
| 300 |
_a223 p. ; _c24 cm. |
||
| 500 | _aIncludes index. | ||
| 650 | 0 | _aEconomics. | |
| 650 | 0 | _aEnvironmental policy. | |
| 650 | 0 | _aSustainable development. | |
| 942 | _cAEDBB | ||
| 999 |
_c18438 _d18438 |
||